[Event "Gashimov Memorial 6th"]
[Site "Shamkir"]
[Date "2019.04.06"]
[Round "6"]
[White "Ding, Liren"]
[Black "Carlsen, Magnus"]
[Result "1/2-1/2"]
[WhiteElo "2812"]
[BlackElo "2845"]
[PlyCount "78"]
[EventDate "2019.03.31"]
[EventType "tourn"]
[EventRounds "9"]
[EventCountry "AZE"]
[EventCategory "22"]
[SourceTitle "CBM 190"]
[Source "ChessBase"]
[SourceDate "2019.06.30"]
[SourceVersion "1"]
[SourceVersionDate "2019.06.30"]
[SourceQuality "1"]

1. d4 Nf6 2. c4 g6 3. g3 c6 4. Bg2 d5 5. cxd5 cxd5 6. Nf3 Bg7 7. Ne5 O-O 8. Nc3 Bf5 9. O-O Ne4 10. Bf4 Nxc3 11. bxc3 Nc6 12. Nxc6 bxc6 13. Qa4 e6 14. Qxc6 Rc8 15. Qa4 Rxc3 16. Rfc1 Rxc1+ 17. Rxc1 Qb6 18. e3 Qb2 19. Qd1 h5 $146 ({RR} 19... Bd3 20. Bf1 Bxf1 21. Rc2 Qb7 22. Qxf1 Rc8 23. Qb5 Qxb5 24. Rxc8+ Bf8 25. Bh6 {½-½ (25) Svane,F (2577)-Grandelius,N (2658) Vrnjacka Banja SRB 2023}) ({RR} 19... Bd3 20. Bf1 Bxf1 21. Rc2 Qb7 22. Qxf1 Rc8 23. Qb5 Qxb5 24. Rxc8+ Bf8 25. Bh6 {½-½ (25) Svane,F (2577)-Grandelius,N (2658) Vrnjacka Banja SRB 2023}) 20. a4 Bg4 21. Qe1 Be2 22. Bf1 Bxf1 23. Kxf1 Re8 24. Qc3 Qxc3 25. Rxc3 e5 26. dxe5 Bxe5 27. Rd3 Bxf4 28. gxf4 Rd8 29. a5 Kf8 30. Ke2 Ke7 31. Rb3 Kd6 32. Kd3 Rd7 33. h4 Rc7 34. Rb8 Rc5 35. Rb7 Rxa5 36. Rxf7 Ra3+ 37. Kd4 Ra4+ 38. Kd3 Ra3+ 39. Kd4 Ra4+ 1/2-1/2

[Event "Grenke Chess Classic 6th"]
[Site "Karlsruhe/Baden Baden"]
[Date "2019.04.20"]
[Round "1"]
[White "Keymer, Vincent"]
[Black "Carlsen, Magnus"]
[Result "0-1"]
[WhiteElo "2516"]
[BlackElo "2845"]
[PlyCount "162"]
[EventDate "2019.04.20"]
[EventType "tourn"]
[EventRounds "9"]
[EventCountry "GER"]
[EventCategory "19"]
[SourceTitle "CBM 190"]
[Source "ChessBase"]
[SourceDate "2019.06.30"]
[SourceVersion "1"]
[SourceVersionDate "2019.06.30"]
[SourceQuality "1"]

1. d4 Nf6 2. c4 c5 3. d5 g6 4. Nc3 d6 5. e4 Bg7 6. Nf3 O-O 7. Be2 e5 8. O-O Ne8 9. Ne1 f5 10. exf5 gxf5 11. f4 Nd7 12. Nd3 e4 13. Nf2 Bxc3 14. bxc3 Ndf6 15. Be3 Ng7 $146 ({RR} 15... Kh8 16. Kh1 Rg8 17. Qd2 b6 18. Nd1 Rb8 19. Bf2 Ng4 20. Bxg4 Rxg4 21. Ne3 Rg6 {½-½ (21) Filip,M-Langeweg,K Amsterdam 1965}) 16. Qe1 Bd7 17. Nd1 Ba4 18. h3 Bxd1 19. Qxd1 Qe8 20. Kf2 Qg6 21. Rg1 Kh8 22. a4 Rg8 23. Qf1 Nfh5 24. g3 Raf8 25. Qg2 Qf6 26. Rac1 Qd8 27. Qh2 Nf6 28. g4 Nd7 29. g5 Qa5 30. g6 h6 31. Rb1 Rb8 32. Qg3 Qd8 33. Ke1 Ne8 34. Kd2 Nf8 35. Bf2 Qe7 36. Ke3 Qf6 37. Kd2 Nxg6 38. h4 Ne7 39. Qh3 Rxg1 40. Rxg1 Qf7 41. h5 Nf6 42. Bh4 b6 43. Rb1 Qf8 44. Rg1 Qf7 45. Rb1 Qg7 46. Rg1 Qf8 47. Kc2 Nfg8 48. Kd2 Qf7 49. Kc2 Rf8 50. Kd2 Qe8 51. Ra1 Rf7 52. a5 bxa5 53. Rxa5 Nc8 54. Ra1 Qf8 55. Rb1 Nb6 56. Rg1 Rg7 57. Rxg7 Kxg7 58. Qg3+ Kh8 59. Qg6 a5 60. Bf1 a4 61. Kc2 a3 62. Kb3 Na4 63. Bh3 Qg7 64. Qxg7+ Kxg7 65. Bxf5 Nf6 66. Kxa3 Nxc3 67. Bf2 Ne2 68. Ka4 Nxh5 69. Ka5 Nf6 70. Kb6 Kf7 71. Kc7 Ke7 72. Be3 Nd4 73. Bg6 h5 74. Bf2 Nf3 75. Bf5 Nd2 76. Bh4 e3 77. Bd3 Nf3 78. Bxf6+ Kxf6 79. Kxd6 h4 80. Kc7 Nd4 81. Kc8 e2 0-1

[Event "Grenke Chess Classic 6th"]
[Site "Karlsruhe/Baden Baden"]
[Date "2019.04.27"]
[Round "7"]
[White "Carlsen, Magnus"]
[Black "Aronian, Levon"]
[Result "1-0"]
[WhiteElo "2845"]
[BlackElo "2763"]
[Annotator "Krasenkow,Michal"]
[PlyCount "75"]
[EventDate "2019.04.20"]
[EventType "tourn"]
[EventRounds "9"]
[EventCountry "GER"]
[EventCategory "19"]
[SourceTitle "CBM 190"]
[Source "ChessBase"]
[SourceDate "2019.06.30"]
[SourceVersion "1"]
[SourceVersionDate "2019.06.30"]
[SourceQuality "1"]

{[%evp 0,75,19,8,20,-14,3,4,4,4,64,46,44,54,68,58,43,17,35,35,82,-20,28,51,39,6,23,22,37,38,37,30,33,29,17,17,24,19,23,5,27,0,1,0,0,-16,-13,-1,0,-1,2,16,26,31,76,95,88,76,77,82,132,125,128,117,117,108,163,165,174,167,198,176,270,170,223,229,256,249]} 1. d4 Nf6 2. c4 e6 3. Nf3 d5 4. Nc3 dxc4 5. e4 Bb4 6. Bg5 c5 7. Bxc4 cxd4 8. Nxd4 Bxc3+ 9. bxc3 Qa5 10. Bd2 $5 $146 {[%mdl 8] An absolutely new move in this well-known position!} (10. Bb5+) (10. Bxf6) (10. Nb5 {have been seen in hundreds or even thousands of games.}) 10... O-O (10... Nxe4 11. Qg4 $1 Nxd2 12. Qxg7 {is White's idea although the position after} Rf8 (12... Nxc4 13. Qxh8+ Ke7 $1 14. O-O {[%csl Re7] with good attacking prospects for White}) 13. Kxd2 Qc5 {is far from clear}) 11. Qe2 e5 ({RR} 11... Nbd7 12. O-O a6 13. f3 Qc7 14. Bb3 Nc5 15. Rac1 e5 16. Nc2 Nxb3 17. axb3 Qb6+ 18. Ne3 Qxb3 19. c4 Be6 20. Rb1 Qa4 21. Rxb7 Rfb8 22. Rxb8+ Rxb8 23. Bc3 Nd7 24. Nd5 Qa3 25. Ra1 Qc5+ 26. Kh1 {Nihal,S (2620)-Sarana,A (2654) Chess.com INT 2020 1-0 (68)}) 12. Nb3 Qc7 13. O-O Bg4 $146 {Black has a lot of other options like} (13... Re8 {[%cal Yc8e6]}) ({or} 13... b6) ({RR} 13... Qc6 14. f3 Be6 15. Bxe6 Qxe6 16. Be3 Nc6 17. Rab1 b6 18. c4 Nd7 19. Rfc1 Rac8 20. c5 bxc5 21. Nxc5 Nxc5 22. Bxc5 Rfd8 23. Qa6 {½-½ (23) Martinovic,S (2542)-Bosiocic,M (2545) Rijeka CRO 2021}) ({RR} 13... Qc6 14. f3 Be6 15. Bxe6 Qxe6 16. Be3 Nc6 17. Rab1 b6 18. c4 Nd7 19. Rfc1 Rac8 20. c5 bxc5 21. Nxc5 Nxc5 22. Bxc5 Rfd8 23. Qa6 {½-½ (23) Martinovic,S (2542)-Bosiocic,M (2545) Rijeka 2021}) {The position he goes for is strategically risky.} 14. f3 Rc8 15. Bd5 Nxd5 16. exd5 {[%csl Gd5]} Bh5 (16... Bf5 17. Rac1 {[%cal Yc3c4]}) 17. c4 $1 {The pointe! This pawn is invulnerable, and White's protected d5 passer becomes strong.} Nd7 18. Rfc1 b6 19. a4 $36 {} a5 {[%csl Rb6]} (19... Qd6 $5 20. a5 $140 $6 b5) 20. Qf2 Qd6 21. Be3 Bg6 22. Qd2 f6 23. Qb2 Rc7 24. Nd2 Nc5 25. Qa3 Rd8 $6 (25... Qf8 $1 26. Rc3 Rb8 $14 {A.Tukhaev}) 26. Rc3 f5 $6 {This wrong advance weakens Black's position.} (26... Rb7) 27. Re1 $1 {[%csl Re5]} e4 28. fxe4 fxe4 29. Bxc5 Rxc5 30. Nxe4 Qe5 31. Rce3 {Black has lost a pawn without compensation.} Rcc8 (31... Rxc4 32. Nd2 $18) 32. h3 Qc7 (32... Qd4 33. Nd6) 33. Nd2 Re8 34. Re7 $1 Rxe7 35. Rxe7 Qd8 (35... Qf4 36. Qc3 Bf7 {was better but hopeless enough.}) 36. Qe3 Rc7 37. Re6 Rc5 38. Qb3 {[%csl Rb6]} 1-0

[Event "Norway Chess 7th"]
[Site "Stavanger"]
[Date "2019.06.04"]
[Round "1"]
[White "Carlsen, Magnus"]
[Black "Anand, Viswanathan"]
[Result "1/2-1/2"]
[WhiteElo "2875"]
[BlackElo "2767"]
[Annotator "Lupulescu,Constantin"]
[PlyCount "116"]
[EventDate "2019.06.04"]
[EventType "tourn"]
[EventRounds "9"]
[EventCountry "NOR"]
[SourceTitle "CBM 191"]
[Source "ChessBase"]
[SourceDate "2019.08.31"]
[SourceVersion "1"]
[SourceVersionDate "2019.08.31"]
[SourceQuality "1"]

1. d4 Nf6 2. c4 e6 3. Nf3 d5 4. Nc3 dxc4 {Compared to other QGD positions, the Vienna has been a rather rare guest in supertournaments lately.} 5. e4 Bb4 6. Bg5 c5 7. Bxc4 cxd4 8. Nxd4 Bxc3+ 9. bxc3 Qa5 10. Nb5 {An interesting sideline.} (10. Bd2 {was almost a novelty when the world champion employed it succesfully against Aronian:} O-O 11. Qe2 e5 12. Nb3 Qc7 {with a complex struggle in: Carlsen,M (2845)-Aronian,L (2763) Karlsruhe/Baden Baden GER 2019, 1-0 (38).}) (10. Bb5+ {it is the most common move with many forced variations to follow.}) 10... Nxe4 11. Qd4 O-O 12. Qxe4 a6 13. O-O (13. Bd3 f5 14. Qe2 axb5 15. O-O {is a more usual move order.}) 13... axb5 14. Bd3 f5 15. Qe2 Nc6 (15... Bd7 {was also played quite often.}) 16. Bd2 ({RR} 16. Bxb5 f4 17. f3 Qxc3 18. Rac1 Qb4 19. Bxc6 bxc6 20. Rxc6 Qd4+ 21. Qf2 Qd7 22. Rfc1 h6 23. Rc7 Qd5 24. R7c5 Qd6 25. Bh4 Bb7 26. Qb2 Bd5 27. Rc7 Rf7 28. Rxf7 Kxf7 29. Rd1 Qc7 30. Ra1 Rb8 {Andreikin,D (2729)-Sarana,A (2688) chess.com INT 2023 ½-½ (49)}) 16... Qc7 {The first new move of the game.} (16... e5 17. Bxb5 Be6 18. a4 Qc7) 17. Bxb5 f4 {An interesting move, playing against White's dark-squared bishop while also preparing to enhance his own bishop's scope. However, it implies a strategic risk by handing White the e4 square.} (17... e5 {was a more conservative approach with the idea} 18. f3 Be6 19. Rfe1 (19. a4 Na5 $13 {[%cal Ga5b3]}) 19... e4 $1) 18. f3 {Obviously White cannot allow f4-f3.} e5 $146 ({RR} 18... Bd7 19. a4 e5 20. Qc4+ Kh8 21. Be1 Rae8 22. Bf2 Be6 23. Qc5 Qf7 24. Rfe1 Bd7 25. Rad1 e4 26. Rxe4 Bc8 27. Rxe8 Rxe8 28. a5 Re5 29. Rd8+ Nxd8 30. Qxe5 Ne6 31. Bc4 Qd7 32. Bd4 Nxd4 33. Qxd4 {Gozzoli,Y (2564)-Girel,J (2462) L'Alpe d'Huez FRA 2023 1-0 (33)}) ({RR} 18... Bd7 19. a4 e5 20. Qc4+ Kh8 21. Be1 Rae8 22. Bf2 Be6 23. Qc5 Qf7 24. Rfe1 Bd7 25. Rad1 e4 26. Rxe4 Bc8 27. Rxe8 Rxe8 28. a5 Re5 29. Rd8+ Nxd8 30. Qxe5 Ne6 31. Bc4 Qd7 32. Bd4 Nxd4 33. Qxd4 {Gozzoli,Y (2564)-Girel,J (2462) L'Alpe d'Huez FRA 2023 1-0 (33)}) 19. Rfe1 Bd7 20. a4 $1 {We can say that the World Champion got the position he wanted from the opening: not so much to begin with, but plenty of play left to outplay his impressive opponent.} (20. Bxc6 {would most likely have called it a day even with Carlsen's fantastic technical abilities:} Bxc6 21. Qxe5 Qf7 $1 {The most precise as Black's queen will be more useful than White's.} (21... Qxe5 {is also possible:} 22. Rxe5 Rad8 {Black also has good drawing chances in view of White's split queenside pawns and the drawing tendencies of the opposite coloured bishops.}) 22. Qe6 Rad8 23. Qxf7+ Rxf7 24. Re2 g5 $44) 20... Kh8 21. Rad1 (21. Bxc6 Bxc6 22. Qxe5 Qxe5 23. Rxe5 Rxa4 24. Rxa4 Bxa4 {would not give many winning chances as the only way to get f4 would be via a rook swap:} 25. Re4 (25. h4 Bc6 26. Rc5 h6 $11 {[%cal Gg7g5]}) 25... Bc6 26. Rxf4 Rxf4 27. Bxf4 Kg8 {with a trivial draw.}) 21... Rae8 (21... h6 {to defend against back rank threats was safer for Black:} 22. Bc1 Bf5 23. Ba3 Rf6 $13) 22. Bc1 {Now it is not that easy to find a good plan for Black.} e4 {Here this thematic idea doesn't achieve its aim as the game is too open.} 23. fxe4 Ne5 24. Bxd7 Nxd7 25. Rf1 $1 {White shows that also f4 can be a weakness.} Nc5 26. Ba3 $1 {The point of the World Champion's idea.} Rxe4 27. Qb5 $6 {A very natural move but it allows Black to escape to an easily drawn endgame.} (27. Qh5 $1 {would give good winning chances:} Re5 (27... b6 28. a5 $16) 28. Rxf4 Rg8 (28... Rfe8 29. Rdf1 $1 {White needed to see this in advance.} Kg8 30. Qg4 $16) 29. Qf3 (29. Rf7 Rxh5 30. Rxc7 Nxa4 31. c4 b5 (31... b6 32. Rd5 $16 {again puts Black in trouble.}) 32. Rd5 $16) 29... Ne6 30. Bd6 Qb6+ 31. Qf2 Qb3 32. Bxe5 Qxd1+ 33. Qf1 Qd5 34. Rf5 $16) 27... Re5 28. Rde1 (28. Bxc5 Qxc5+ $1 (28... Rxc5 29. Rxf4 Rg8 30. Rf7 $1 Rxb5 (30... Qxf7 31. Qxc5 {With queens on Black is in trouble.}) 31. Rxc7 $16 {A different version as White's rooks are now very active.}) 29. Qxc5 Rxc5 30. Rxf4 Kg8 31. Rb4 (31. Rxf8+ Kxf8 {is very similar to the game.}) 31... Rxc3 32. Rxb7 h6 {Thanks to his very active rooks Black shouldn't have much trouble drawing.}) 28... Rc8 29. Rxe5 Qxe5 30. Bxc5 Qxc5+ 31. Qxc5 Rxc5 32. Rxf4 h6 33. Rf3 (33. Rb4 Rxc3 34. Rxb7 Ra3 {would also be trivial for Black.}) 33... Kg8 {Anand confidently shows the endgame is an easy draw.} 34. Rd3 Ra5 35. Rd7 Rxa4 36. Rxb7 Ra2 37. h4 Kh7 38. Kh2 Rd2 39. Rc7 Kg6 40. Kg3 (40. Kh3 {would not change much, for example} h5 41. Kg3 Kf6 42. Kf3 g6 43. g3 Rd3+ 44. Kf4 Ke6 {and White can hardly make any progress.}) 40... Kh5 41. Rc5+ g5 42. Kh3 Rd3+ 43. g3 Re3 44. Kg2 Rd3 45. Rc4 Re3 46. hxg5 hxg5 47. Kh3 Rd3 48. Rc8 g4+ 49. Kg2 Rd2+ 50. Kf1 Rc2 51. c4 Kg5 52. c5 Kf6 53. c6 Ke7 54. c7 Kd6 55. Rd8+ Kxc7 56. Rd4 Kc6 57. Kg1 Kc5 58. Rxg4 Kd5 {The longest game of the first round that probably left the World Champion thinking he could have achieved more.} 1/2-1/2

[Event "Norway Chess 7th"]
[Site "Stavanger"]
[Date "2019.06.06"]
[Round "3"]
[White "Carlsen, Magnus"]
[Black "Grischuk, Alexander"]
[Result "1-0"]
[WhiteElo "2875"]
[BlackElo "2775"]
[Annotator "Nielsen,Peter Heine"]
[PlyCount "67"]
[EventDate "2019.06.04"]
[EventType "tourn"]
[EventRounds "9"]
[EventCountry "NOR"]
[SourceTitle "CBM 191"]
[Source "ChessBase"]
[SourceDate "2019.08.31"]
[SourceVersion "1"]
[SourceVersionDate "2019.08.31"]
[SourceQuality "1"]

1. d4 Nf6 2. c4 g6 3. Nc3 d5 $1 {A curious moment. Norway Chess have for some years used a " Confession booth", intended for the players to give messages to the spectators during the games. Magnus took it a step further: "This is a small shout-out to Peter Heine, who thought Grischuk would play the Kings Indian, and not the Grunfeld: Clown!" The Norwegian media, as usual on the search for stories, took it seriously and as journalistic fairness dictates, contacted me during the game asking for a rebuttal!} 4. cxd5 Nxd5 5. e4 Nxc3 6. bxc3 Bg7 7. Be3 c5 8. Rc1 Qa5 {Grischuks stays loyal to his preferred move.} ({But in the next round Mamedyarov tried} 8... O-O {vs. Magnus both in the classical and the Armageddon game.} 9. Nf3 Nd7 10. Be2 Qa5 11. O-O Qxa2 12. Nd2 Qa5 13. h4 $5 b5 14. h5 Bb7 15. h6 $1 {was the classical game. I recently attributed the modern understanding of flank pawn attacks to Alphazero, and some pointed out to me that opening the h-file and giving mate is not exactly a new concept in chess! It's a fair point, so this diagram is a good opportunity to point to what Alphazero has a preference for according to Sadler and Regan in "Gamechanger": Exactly not going for the direct assualt in the h-line but instead the slow and more cunning putrting the pawn on h6, effectively closing the h-line but instead aiming for a slower and more longterm attack. The benefits are numerous: especially it controls space at the critical area next to Blacks king, and cramping his defence, like in the game forcing the bishop to h8 where it blocks the king's potential retreat. As well in tactical sequences the pawn is only 2 squares from promoting. Not at all as direct as the typical hxg6 and mate in the h-line, but at times, much more powerful the game being a good illustration.} Bh8 16. e5 Qc7 17. Bxb5 $1 Bxg2 18. Kxg2 Qb7+ 19. Qf3 Qxb5 20. Rb1 Qa6 21. Ne4 cxd4 22. cxd4 f6 23. Ng5 $1 {The "cramped" nature of Black's kingside is making itself felt with 24.Qd5+ being a deadly threat.} {Mamedyarov succesfully confused with} e6 ({After} 23... fxg5 24. Qd5+ e6 25. Qxd7 {Blacks position is hopeless with the bishop on h8 practically being dead due to the pawns on d4, e5 and h6.}) {upon which Magnus blundered with} 24. Ra1 $2 ({Instead,} 24. Qb7 $1 {would have been deadly, as after after the exchanges of queens with} Qxb7+ ({If} 24... Qe2 25. Qxd7 {wins as there is no perpetual after} Qg4+ 26. Kh2 fxg5 27. f3 $1 {as if Black takes twice on f3, Qxe6+ afterwards forces an eaisly winning ending, again due to the bishop being locked at h8.}) 25. Rxb7 Nxe5 {there is the strong} 26. Nxe6 $1) {having missed} 24... Qb6 $1) 9. Qd2 O-O 10. Nf3 Bg4 $5 {Grischuk's pet line, which he used twice at Norway Chess 2014.} 11. d5 {Karjakin tried 11 Ng5, but Magnus instead follows in the footsteps of Kramnik:} b5 $1 ({Despite winning the game vs. Kramnik} 11... Nd7 12. c4 Qa3 13. Be2 Bxf3 14. Bxf3 Bd4 $1 {Grischuk decides to avoid Magnus' preparation (!) and springs his new idea first.}) 12. Be2 ({Critical might be to take the pawn on c5, but after} 12. Bxc5 Bxf3 13. gxf3 Rc8 14. Bb4 (14. Bd4 Bxd4 15. Qxd4 Nd7 {is just fine for Black.}) 14... Qc7 {leaves an uncoordinated impression from White, so Magnus instead reverts to common-sense development}) 12... Nd7 13. O-O Bxf3 $6 {Grischuk after the game said that 11...b5 was old prep and that his recollection was that the computers back then said Black was better, meaning he was in "refutation mode", playing principled decisions to expose the flaws of the white position. Modern engines, however, have modified their views, and think Black is fine but not more.} ({RR} 13... Rac8 14. Rfd1 Nb6 15. Bh6 Bxf3 16. gxf3 b4 17. Bxg7 Kxg7 18. cxb4 cxb4 19. Rc6 Rxc6 20. dxc6 Rc8 21. Rc1 Na4 22. Rc4 Nc3 23. Bf1 Qb6 24. a3 Rxc6 25. Rxc6 Qxc6 26. axb4 Nb5 27. Bxb5 Qxb5 28. Qd4+ {Carlsen,M (2863)-Nepomniachtchi,I (2784) chess24.com INT 2020 ½-½ (36)}) ({RR} 13... Rac8 14. h3 Bxf3 15. gxf3 c4 16. f4 Nc5 17. e5 Rfd8 18. Rfd1 Qc7 19. Bg4 Rb8 20. Bxc5 Qxc5 21. Bf3 Bh6 22. Qe3 Rbc8 23. Rd4 a6 24. Kg2 Qa3 25. Rc2 Qc5 26. h4 a5 27. h5 Rc7 28. Qe4 {Drygalov,S (2560)-Mekhitarian,K (2564) chess.com INT 2025 1-0 (48)}) 14. Bxf3 {Common sense, but 14.gxf3 followed by either f4, or h4 has definite potential too.} c4 15. Be2 {One does not have to be Alphazero to suggest 15 h4! here, Stockfish prefers it too! Magnus, however, goes for first setting up a broad centre, and then develop his attack on the wing.} (15. h4 $5) 15... Rfd8 $146 {As in move 13, Grischuk is too colored by the idea of having a good position and thus plays too ambitiously aiming for rooks on d8 and c8.} (15... Rad8 $1 {however was more to the point, caring about defensive details like the rook leaving tha a8-square this not being targeted by a white bishop on f3m but especially leaving the rook on f8, where it defends the upcoming assult in the f-line, as well as being ready to counter there itself.} 16. f4 Qa3 17. Bf3 {when now} Nc5 18. e5 f6 $1 {makes a considerable difference to the game.}) ({RR} 15... Rac8 16. f4 Nc5 17. e5 Rfd8 18. Rfd1 a6 19. Bf1 Qa3 20. Qc2 Rd7 21. Bf2 Rcd8 22. Bh4 Nd3 23. Bxd3 cxd3 24. Rxd3 Rxd5 25. Rxd5 Rxd5 26. Bf2 e6 27. c4 bxc4 28. Qxc4 Bf8 29. h3 h5 30. Qc2 {Cuenca Jimenez,J (2514)-Troff,K (2484) chess.com INT 2024 0-1 (43)}) ({RR} 15... Rac8 16. f4 Nc5 17. e5 Rfd8 18. Rfd1 a6 19. Bf1 Qa3 20. Qc2 Rd7 21. Bf2 Rcd8 22. Bh4 Nd3 23. Bxd3 cxd3 24. Rxd3 Rxd5 25. Rxd5 Rxd5 26. Bf2 e6 27. c4 bxc4 28. Qxc4 Bf8 29. h3 h5 30. Qc2 {Cuenca Jimenez,J (2514)-Troff,K (2484) chess.com INT 2024 0-1 (43)}) 16. f4 $1 Nb6 ({The big difference now is that} 16... Qa3 17. Bf3 Nc5 18. e5 f6 19. d6 $1 {hitting a8 is possible, when after} Rac8 20. Bd5+ e6 21. f5 $1 {Whites attack just crashes through.}) 17. Bf3 Qa3 18. h4 $5 {In a later interview Magnus mentioned Alphazero and Danil Dubov as his current chess heroes! One does see the inspiration, with the optimistic and untamed long-term aggression. There is no immediate threat, and Black's counterplay might even get there first, but White does aim after the king, and will hit substantially harder than Black's smaller threats when the attack arrives at the intended target.} e6 (18... b4 $5 {aims at distracting white immediately, but he will just ignore with} 19. h5 $1 {as} Bxc3 20. Qf2 {might have won Black a pawn and created two passed pawns on the queenside, but White couldn't care less as he intends to finish the game way before such becomes decisive. After} Bg7 21. hxg6 hxg6 {both} 22. Bg4 ({and} 22. f5 Rf8 23. e5 $5) 22... b3 23. f5 g5 24. f6 exf6 25. axb3 cxb3 26. Rc7 {gives White a very promising attack.}) 19. h5 $1 Na4 ({Grischuk's problem is that} 19... exd5 20. e5 $1 {just makes things even worse as again Black gets an useless extra pawn while speeding up Whites' attack, with Bd4, f5, Bg4 etc. being the next wave.}) 20. hxg6 {Not h6! this time but hxg6. Yes, White has thus spent two tempi opening the h-line, apparantly to little effect!? Partly it does weaken the g6 pawn, later being a subject to a possible attack, but as we soon will see, the open h-line very much do has relevance.} hxg6 21. f5 exf5 (21... Bxc3 {obviously is critical, but apart from just sidestepping with his queen, White has this even mightier exchange sac:} 22. Rxc3 $1 {when his attack becomes just unstoppable.} Qxc3 23. Qf2 {Now 24.Bd4 is a deadly threat, and} Qg7 24. fxe6 fxe6 25. Bg4 $1 {highlights why the h-line being open does make a major difference, with B(x)e6+ followed by Qh4+ as the deadly threat.}) 22. exf5 Qd6 23. Bf4 Qb6+ 24. Kh1 gxf5 25. d6 $1 {Grischuk staved off immediate defeat, but the next wave of attack he is helpless against.} Rab8 26. Bd5 Nc5 27. Bg3 Ne6 28. Rxf5 {Now Rxf7 is a threat.} Rxd6 29. Bxd6 Qxd6 30. Qe3 Qb6 31. Qf3 Rf8 32. Rf1 Nd8 33. Rh5 Qc7 34. Qe4 {And where fittingly the open h-line gets the final word. Mate on h7 is unavoidable so Grischuk resigned.} 1-0